Acuerdo de libre comercio entre la Comunidad del Caribe (CARICOM) y la República Dominicana / Secretaría de Estado de Relaciones Exteriores. (Registro nro. 2149)

Detalles MARC
000 -LEADER
fixed length control field 00589nam a22001811a 4500
001 - CONTROL NUMBER
control field 2149
003 - CONTROL NUMBER IDENTIFIER
control field OSt
005 - DATE AND TIME OF LATEST TRANSACTION
control field 20260204211801.0
008 - FIXED-LENGTH DATA ELEMENTS--GENERAL INFORMATION
fixed length control field 040124s2002||||dr ||||||b||||||||||spa||
050 ## - LIBRARY OF CONGRESS CALL NUMBER
Classification number RD 382 R299a
082 ## - DEWEY DECIMAL CLASSIFICATION NUMBER
Classification number RD 382R299a
110 ## - ASIENTO PRINCIPAL -- NOMBRE CORPORATIVO
Corporate name or jurisdiction name as entry element República Dominicana
245 ## - TÍTULO PROPIAMENTE DICHO: SUBTÍTULO
Title Acuerdo de libre comercio entre la Comunidad del Caribe (CARICOM) y la República Dominicana / Secretaría de Estado de Relaciones Exteriores.
264 ## - PRODUCTION, PUBLICATION, DISTRIBUTION, MANUFACTURE, AND COPYRIGHT NOTICE
Place of production, publication, distribution, manufacture Santo Domingo : Manati
300 ## - PHYSICAL DESCRIPTION
Extensión 461 p.
650 ## - ASIENTO SECUNDARIO DE MATERIA -- TERMINO TEMÁTICO
Termino Temático Como Elemento de Entrada 1.Comercio Internacional 2.Libre Comercio 3.Comercio - AcuerdoÌ
942 ## - ADDED ENTRY ELEMENTS (KOHA)
Source of classification or shelving scheme Dewey Decimal Classification
Koha item type Libros
Existencias
Withdrawn status Lost status Source of classification or shelving scheme Damaged status Not for loan Current library Date acquired Total Checkouts Full call number Barcode Date last seen Price effective from Koha item type
    Dewey Decimal Classification     Biblioteca UTECO 09/09/2019   RD 382 R299A 006456 09/09/2019 09/09/2019 Libros
© 2021 Derechos Reservados UTECO - Teléfono: +1 809-585-2291 - Correo electrónico: biblioteca@uteco.edu.do​  
Código postal 43000 ​​
Dirección: Avenida Universitaria No. 100, 
Cotuí, Provincia Sánchez Ramírez, República Dominicana - RNC: 404-00059-6